A handbook on registration law / (Record no. 1060)

MARC details
000 -LEADER
fixed length control field 00653nam a22002177a 4500
003 - CONTROL NUMBER IDENTIFIER
control field BD-DhJNU
005 - DATE AND TIME OF LATEST TRANSACTION
control field 20250107112434.0
008 - FIXED-LENGTH DATA ELEMENTS--GENERAL INFORMATION
fixed length control field 250107b |||||||| |||| 00| 0 eng d
020 ## - INTERNATIONAL STANDARD BOOK NUMBER
International Standard Book Number 9789843335234
040 ## - CATALOGING SOURCE
Original cataloging agency BD-DhJNU
Language of cataloging ENG
Transcribing agency BD-DhJNU
Modifying agency BD-DhJNU
082 ## - DEWEY DECIMAL CLASSIFICATION NUMBER
Edition number 23
Classification number 346.549
100 ## - MAIN ENTRY--PERSONAL NAME
Personal name Islam, Rashadul
245 ## - TITLE STATEMENT
Title A handbook on registration law /
Statement of responsibility, etc. Rashadul Islam & Khairul Islam (Taj)
250 ## - EDITION STATEMENT
Edition statement 6th ed.
260 ## - PUBLICATION, DISTRIBUTION, ETC.
Place of publication, distribution, etc. Dhaka :
Name of publisher, distributor, etc. University Publications,
Date of publication, distribution, etc. 2022.
300 ## - PHYSICAL DESCRIPTION
Extent (32), 280 p. :
Dimensions 22 cm.
504 ## - BIBLIOGRAPHY, ETC. NOTE
Bibliography, etc. note includes bibliographical reference
650 ## - SUBJECT ADDED ENTRY--TOPICAL TERM
Topical term or geographic name entry element Registration Law
700 ## - ADDED ENTRY--PERSONAL NAME
Personal name Islam (Taj), Khairul
942 ## - ADDED ENTRY ELEMENTS (KOHA)
Source of classification or shelving scheme Dewey Decimal Classification
Koha item type Books
Suppress in OPAC No
Holdings
Withdrawn status Lost status Source of classification or shelving scheme Damaged status Not for loan Collection Home library Current library Shelving location Date acquired Source of acquisition Total checkouts Full call number Barcode Date last seen Copy number Price effective from Koha item type
    Dewey Decimal Classification     Non-fiction Jagannath University Central Library Jagannath University Central Library General stacks 01/07/2025 Purchased   346.549 ISH JNUCL32825 01/07/2025 1 01/07/2025 Books